02240nam a2200301 a 4500001000200000003000400002005001700006008004100023020001500064040002500079082002700104100003300131245008900164250001200253260004200265300002100307500004300328505118000371590002501551600006101576600007001637650000601707651003301713910001401746942001201760952014901772999001701921 OSt20220222115149.0130306s2009 dr r 001 0 spa d a9945406116 aDO-SdBNPbspacBPMSU a972.9bB742d, 20092221 a Bosch, Juan, d1909-20019110aDe Cristóbal Colón a Fidel Castro :bel Caribe, frontera imperial /cJuan Bosch. a13a ed. aSanto Domingo :bAlfa y Omega,c2007. a712 p. ;c24 cm. aIncluye índice de personas y lugares0 aUnas palabras del autor -- Una frontera de cinco siglos -- El escenario de la frontera -- Indios y españoles en los primeros años de la frontera imperial -- La conquista del Caribe entre 1508 y 1526 -- La conquista entre 1526-1584 -- Sublevaciones de indios, africanos y españoles en el siglo XVI -- Las guerras de España en el siglo XVI -- Contrabandistas, bucaneros y filibusteros -- El siglo de la desmembración -- El tiempo del espanto -- Intermedio europeo -- El Caribe hasta la Paz de Utrecht -- Las guerras en el Caribe hasta la Paz de París (1763) -- La revolución Norteamericana y sus resultados en el Caribe -- La revolución francesa y su proyección en el Caribe -- El tiempo de la libertad -- Nacimiento de la República de Haití -- En los umbrales de la gran conmoción -- La guerra social venezolana -- La independencia de los territorios españoles -- 1821-1851. Los años de reajuste -- Los años de los episodios increíbles (1855-1861) -- Las luchas por la independencia de Cuba (1868-1898) -- El siglo del imperio norteamericano -- Los años de las balas y de los dólares -- Fidel Castro o la nueva etapa histórica del Caribe. 6Inventariado,2021/VM14aCastro, Fidel,d1926-2016xCrítica e interpretación.14aColón, Cristóbal, d1451-1506.xCrítica e interpretación  4y  4aCaribe (Región)xHistoria  aVMateo V. 2ddccBK 00102ddc40708CDaBPMETbBPMETd2021-11-05eFundación Juan Bosch l0oBPMSU CD 972.9 B742d, 2007pBPMSU21110039r2021-11-05w2021-11-05yBK c13842d13842